| 000 | 00485nam a22001697a 4500 | ||
|---|---|---|---|
| 005 | 20231107131813.0 | ||
| 008 | 231107b |||||||| |||| 00| 0 eng d | ||
| 041 | _aEnglish | ||
| 082 | _a346.43 HAL | ||
| 100 |
_aHall, CG _lEnglish |
||
| 245 |
_aServitudes / _cCG Hall |
||
| 250 | _aThird Edition | ||
| 260 |
_aCape Town : _bJuta and Company Ltd, _c1973 |
||
| 300 |
_bxvi, 195 pages ; _c26 cm. |
||
| 650 |
_aLegal practice _bLaw |
||
| 942 |
_cBK _6ALISON_BN_VRIES |
||
| 999 |
_c380 _d380 |
||